000 00600cam a22001691 4500
082 _a671
_bEAR
_cL-32, P-59
100 1 _aEary, Donald F.
_944986
245 1 0 _aTechniques of pressworking sheet metal;
_ban engineering approach to die design
_c[by] Donald F. Eary and Edward A. Reed.
260 _aEnglewood Cliffs, N.J.,
_bPrentice-Hall,
_c1958.
300 _aviii, 472 p.
_billus.
_c24 cm.
526 _a0
_b0
_c0
_d671_000000000000000_EAR
650 0 _aDies (Metal-working)
_944987
650 0 _aMCE
_9379
650 0 _aSheet-metal work.
_944988
700 1 _aReed, Edward A.,
_944989
942 _2ddc
_cBK
999 _c548616
_d548616